00535nam a2200133Ia 4500008004100000100002200041245009200063260003300155300001700188650001900205856008500224999001900309952007300328160712s9999 xx 000 0 und d aGuillermo, Ramon. cRamon GuillermoaAng proseso ng transkripsiyon ng mga inskripsiyon sa mga Bato ng Ticao c2012bSocial Science Diliman avol. 8 no. 1 xSOCIAL SCIENCE uhttp://journals.upd.edu.ph/index.php/socialsciencediliman/issue/view/346/showToc c297496d297496 001040aCLbCLd2016-07-12l0r2016-07-12 00:00:00w2016-07-12yFEJ